1532 1334 1871 1423 1757 1699 1241 1600 1616 1236 1719 1627 1086 1218 1670 1311 1121 1113 1189 1465 1621 1026 1451 1561 1763 1905 1582 1518 1687 1242 1621 1558 1197 1735 1207 1334 1364 1690 1988 1883 1046 1232 1318 1296 1487 1361 1091 1851 1590 1676 1786 1626 1371 1965 1566 1109 1635 1240 1091 1958 1074 1687 1238 1455 1122 1626 1141 1057 1568 1871 1870 1746 1321 1457 1523 1993 1734 1764 1216 1801 1351 1247 1680 1004 1326 1381 1856 1699 1114 1590 1572 1235 1262 1278 1218 1818 1506 1060 1368 BCNSPRNW ULIB Ver.6.0+V

เปลี่ยนเป็นภาษาไทย

Change to English
 แสดงรายละเอียดบรรณานุกรม
  กลับหน้าหลัก

Brief Record : Get Marc (ISO 2709) : E-mail record : QR code < ปิดหน้าต่าง
LEADER : 00000nam 2200000uu 4500
001    13399111834
003     ULIB
008    110627s||||||||th 000 0 tha d
020    9786167081571
090    นว.^bอ427ส มปป.
100 0  อลิลศรา
245 00 เสน่ห์าในเพลิงทราย/^cอลิลศรา
250    พิมพ์ครั้งที่ 1
260    กรุงเทพฯ :^bกรีนมายด์,^cมปป.
300    288 หน้า
710 1  กรีนมายด์
945    ^p199^l0^i028041
995    ทศพร
999 ^a ใช้งานได้ทุกระบบ
รายการนี้ยังไม่มีแท็ก
คุณยังไม่ได้ล็อกอิน คุณสามารถมีกิจกรรมร่วมกับเว็บไซต์ได้ แต่ต้องล็อกอินก่อน ::
  ล็อกอิน

รายการสื่อสารสนเทศ

ลำดับที่ ประเภท เลขเรียก/บาร์โค้ด สถานที่ สถานะ
- ไม่พบข้อมูล -

รายการใกล้เคียง
    ผู้แต่ง [อลิลศรา]

BibComment


ยังไม่เคยถูกคอมเมนท์

คอมเมนท์ทรัพยากรรายการนี้
  คอมเมนท์: เสน่ห์าในเพลิงทรา..


 Copyright 2026. Bcnsprnw @Library